<?xml version="1.0" encoding="UTF-8"?>
<record
    xmlns:xsi="http://www.w3.org/2001/XMLSchema-instance"
    xsi:schemaLocation="http://www.loc.gov/MARC21/slim http://www.loc.gov/standards/marcxml/schema/MARC21slim.xsd"
    xmlns="http://www.loc.gov/MARC21/slim">

  <leader>00471nam a22001577a 4500</leader>
  <controlfield tag="003">LRUA</controlfield>
  <controlfield tag="005">20260108202234.0</controlfield>
  <controlfield tag="008">260108b        xxu||||| |||| 00| 0 eng d</controlfield>
  <datafield tag="040" ind1=" " ind2=" ">
    <subfield code="c">RUA</subfield>
  </datafield>
  <datafield tag="082" ind1=" " ind2=" ">
    <subfield code="2">RE TKE 2013 C-103 Or.</subfield>
  </datafield>
  <datafield tag="100" ind1=" " ind2=" ">
    <subfield code="9">19179</subfield>
    <subfield code="a">Tho Kim Eang &#x1792;&#x17BC; &#x1782;&#x17B9;&#x1798;&#x17A2;&#x17C0;&#x1784;</subfield>
  </datafield>
  <datafield tag="245" ind1=" " ind2=" ">
    <subfield code="a">Intergrated Agriculture and Natural Resource Management for Sustainable Development</subfield>
  </datafield>
  <datafield tag="260" ind1=" " ind2=" ">
    <subfield code="a">PHNOM PENH</subfield>
    <subfield code="b">RUA</subfield>
    <subfield code="c">2025</subfield>
  </datafield>
  <datafield tag="300" ind1=" " ind2=" ">
    <subfield code="a">x246p</subfield>
    <subfield code="b">Viii</subfield>
    <subfield code="c">29cm</subfield>
  </datafield>
  <datafield tag="942" ind1=" " ind2=" ">
    <subfield code="2">ddc</subfield>
    <subfield code="c">REC</subfield>
  </datafield>
  <datafield tag="999" ind1=" " ind2=" ">
    <subfield code="c">25437</subfield>
    <subfield code="d">25437</subfield>
  </datafield>
  <datafield tag="952" ind1=" " ind2=" ">
    <subfield code="0">0</subfield>
    <subfield code="1">0</subfield>
    <subfield code="2">ddc</subfield>
    <subfield code="4">0</subfield>
    <subfield code="6">RE_TKE_2013_000000000000000_C108_OR_1</subfield>
    <subfield code="7">0</subfield>
    <subfield code="9">105755</subfield>
    <subfield code="a">ML</subfield>
    <subfield code="b">ML</subfield>
    <subfield code="d">2026-01-08</subfield>
    <subfield code="o">RE TKE 2013 C-108 Or.1</subfield>
    <subfield code="p">C034385</subfield>
    <subfield code="r">2026-01-08</subfield>
    <subfield code="w">2026-01-08</subfield>
    <subfield code="y">REC</subfield>
  </datafield>
  <datafield tag="952" ind1=" " ind2=" ">
    <subfield code="0">0</subfield>
    <subfield code="1">0</subfield>
    <subfield code="2">ddc</subfield>
    <subfield code="4">0</subfield>
    <subfield code="6">RE_TKE_2013_000000000000000_C108_OR_2</subfield>
    <subfield code="7">0</subfield>
    <subfield code="9">105756</subfield>
    <subfield code="a">ML</subfield>
    <subfield code="b">ML</subfield>
    <subfield code="d">2026-01-08</subfield>
    <subfield code="o">RE TKE 2013 C-108 Or.2</subfield>
    <subfield code="p">C034386</subfield>
    <subfield code="r">2026-01-08</subfield>
    <subfield code="w">2026-01-08</subfield>
    <subfield code="y">REC</subfield>
  </datafield>
  <datafield tag="952" ind1=" " ind2=" ">
    <subfield code="0">0</subfield>
    <subfield code="1">0</subfield>
    <subfield code="2">ddc</subfield>
    <subfield code="4">0</subfield>
    <subfield code="6">RE_TKE_2013_000000000000000_C108_OR_3</subfield>
    <subfield code="7">0</subfield>
    <subfield code="9">105757</subfield>
    <subfield code="a">ML</subfield>
    <subfield code="b">ML</subfield>
    <subfield code="d">2026-01-08</subfield>
    <subfield code="o">RE TKE 2013 C-108 Or.3</subfield>
    <subfield code="p">C034381</subfield>
    <subfield code="r">2026-01-08</subfield>
    <subfield code="w">2026-01-08</subfield>
    <subfield code="y">REC</subfield>
  </datafield>
  <datafield tag="952" ind1=" " ind2=" ">
    <subfield code="0">0</subfield>
    <subfield code="1">0</subfield>
    <subfield code="2">ddc</subfield>
    <subfield code="4">0</subfield>
    <subfield code="6">RE_TKE_2013_000000000000000_C108_OR_4</subfield>
    <subfield code="7">0</subfield>
    <subfield code="9">105758</subfield>
    <subfield code="a">ML</subfield>
    <subfield code="b">ML</subfield>
    <subfield code="d">2026-01-08</subfield>
    <subfield code="o">RE TKE 2013 C-108 Or.4</subfield>
    <subfield code="p">C034383</subfield>
    <subfield code="r">2026-01-08</subfield>
    <subfield code="w">2026-01-08</subfield>
    <subfield code="y">REC</subfield>
  </datafield>
  <datafield tag="952" ind1=" " ind2=" ">
    <subfield code="0">0</subfield>
    <subfield code="1">0</subfield>
    <subfield code="2">ddc</subfield>
    <subfield code="4">0</subfield>
    <subfield code="6">RE_TKE_2013_000000000000000_C108_OR_5</subfield>
    <subfield code="7">0</subfield>
    <subfield code="9">105759</subfield>
    <subfield code="a">ML</subfield>
    <subfield code="b">ML</subfield>
    <subfield code="d">2026-01-08</subfield>
    <subfield code="o">RE TKE 2013 C-108 Or.5</subfield>
    <subfield code="p">C034384</subfield>
    <subfield code="r">2026-01-08</subfield>
    <subfield code="w">2026-01-08</subfield>
    <subfield code="y">REC</subfield>
  </datafield>
</record>
